Poder político y sociedad : diez ensayos aproximativos /
Obra que reúne diez ensayos que a pesar de su diversidad de encuadres, tienen como eje central de sus reflexiones las relaciones que se establecen entre los actores sociales con el poder político, ya sea como confrontación o como aceptación del mismo.
Gorde:
| Egile nagusia: | |
|---|---|
| Beste egile batzuk: | , |
| Formatua: | Liburua |
| Hizkuntza: | gaztelania |
| Argitaratua: |
Puebla, México :
Benemérita Universidad Autónoma de Puebla, Instituto de Ciencias Sociales y Humanidades,
2006, c2006
|
| Gaiak: | |
| Etiketak: |
Etiketarik gabe, Izan zaitez lehena erregistro honi etiketa jartzen!
|
MARC
| LEADER | 00000nam^a2200000^a^4500 | ||
|---|---|---|---|
| 001 | 000195990 | ||
| 005 | 20250521000000.0 | ||
| 009 | 20260310102810.785 | ||
| 020 | |a 970-722-544-0 | ||
| 037 | |a Acervo ITESO - Biblioteca | ||
| 041 | |a ESP | ||
| 082 | |a 320. 972 |b COR | ||
| 100 | |a Correas, Florencia |e (comp.) | ||
| 245 | 1 | 0 | |a Poder político y sociedad : |b diez ensayos aproximativos / |c Comp. de F. Correas, C. Figueroa Ibarra, P. Hernández Ornelas. |
| 264 | 4 | |a Puebla, México : |b Benemérita Universidad Autónoma de Puebla, Instituto de Ciencias Sociales y Humanidades, |c 2006, c2006 | |
| 300 | |a 204 p. | ||
| 336 | |a texto |b txt |2 rdacontenido | ||
| 337 | |a sin mediación |b n |2 rdamedio | ||
| 338 | |a volumen |b nc |2 rdasoporte | ||
| 520 | |a Obra que reúne diez ensayos que a pesar de su diversidad de encuadres, tienen como eje central de sus reflexiones las relaciones que se establecen entre los actores sociales con el poder político, ya sea como confrontación o como aceptación del mismo. | ||
| 649 | |a XX | ||
| 650 | |a Mujeres - |z México - |x Condiciones Políticas | ||
| 650 | |a Intelectuales Mexicanos - |x Condiciones Políticas | ||
| 650 | |a Poder Político - |z México - |x Tema Principal | ||
| 650 | |a Poder Político - |z Latinoamérica | ||
| 650 | |a Iglesia y Estado - |z México | ||
| 650 | |a Política y Religión - |z México | ||
| 650 | |a Sociedad Civil - |z México | ||
| 650 | |a Guerra de Chiapas, 1994 | ||
| 650 | |a Movimientos Indígenas - |z México | ||
| 650 | |a Movimientos Estudiantiles - |z México | ||
| 650 | |a Movimientos Políticos - |z México | ||
| 650 | |a Movimientos Sociales - |z México | ||
| 650 | |a Justicia - |x Administración - |z México | ||
| 650 | |a Derecho Laboral - |z México | ||
| 650 | |a Elites Políticas - |z Puebla | ||
| 650 | |a Elites Políticas - |z México | ||
| 650 | |a Partidos Políticos - |z Latinoamérica | ||
| 650 | |a Sociología Política | ||
| 650 | |a Política - |z México - |x Historia - |y Siglo XX | ||
| 650 | |a México - |x Condiciones Políticas | ||
| 700 | |a Figueroa Ibarra, Carlos |e (compilación) | ||
| 700 | |a Hernández Ornelas, Pedro |e (compilación) | ||
| 910 | |a Fondo General | ||
| 920 | |a Impresos - Libros | ||
| 930 | |a Colección General | ||
| 905 | |a 101 | ||
| 901 | |a 0500142110 |b IT1 |c ACC |u 20250521 | ||
| 902 | |a https://opac.biblio.iteso.mx/vufind/Record/000195990 | ||